<?xml version="1.0" encoding="UTF-8"?>
<collection xmlns="http://www.loc.gov/MARC21/slim">
 <record>
  <leader>01397pam a22002418a 4500</leader>
  <controlfield tag="001">00023812</controlfield>
  <controlfield tag="005">20171026081022.0</controlfield>
  <controlfield tag="008">110630s2001                  ||||||engsd</controlfield>
  <datafield tag="020" ind1="#" ind2="#">
   <subfield code="a">0704707981</subfield>
  </datafield>
  <datafield tag="041" ind1="0" ind2="#">
   <subfield code="a">eng</subfield>
  </datafield>
  <datafield tag="082" ind1="1" ind2="4">
   <subfield code="a">658.4</subfield>
   <subfield code="b">M100N</subfield>
  </datafield>
  <datafield tag="245" ind1="0" ind2="0">
   <subfield code="a">Management</subfield>
   <subfield code="b">a Pacific rim focus</subfield>
   <subfield code="c">Kathryn M. Bartol [et al.]</subfield>
  </datafield>
  <datafield tag="250" ind1="#" ind2="#">
   <subfield code="a">3rd ed</subfield>
  </datafield>
  <datafield tag="260" ind1="#" ind2="#">
   <subfield code="a">Australia</subfield>
   <subfield code="b">McGraw-Hill Book Comp.</subfield>
   <subfield code="c">2001</subfield>
  </datafield>
  <datafield tag="300" ind1="#" ind2="#">
   <subfield code="a">xxi 734 p.</subfield>
   <subfield code="c">25 cm.</subfield>
  </datafield>
  <datafield tag="504" ind1="#" ind2="#">
   <subfield code="a">Includes index</subfield>
  </datafield>
  <datafield tag="650" ind1="#" ind2="4">
   <subfield code="a">Quản lý</subfield>
  </datafield>
  <datafield tag="700" ind1="1" ind2="#">
   <subfield code="a">Bartol, Kathryn M.</subfield>
  </datafield>
  <datafield tag="852" ind1="#" ind2="#">
   <subfield code="b">Kho mượn</subfield>
   <subfield code="j">KM.0008180, KM.0008181, KM.0008182, KM.0008183, KM.0008184, KM.0008185, KM.0008186, KM.0008187, KM.0008188, KM.0008189, KM.0008190, KM.0008191, KM.0008192, KM.0008193, KM.0008194, KM.0008195, KM.0008196, KM.0008197, KM.0008198, KM.0008199, KM.0008200, KM.0008201, KM.0008202, KM.0008203, KM.0008204, KM.0008205, KM.0008206</subfield>
  </datafield>
  <datafield tag="852" ind1="#" ind2="#">
   <subfield code="b">Kho đọc</subfield>
   <subfield code="j">KD.0008046, KD.0010430</subfield>
  </datafield>
  <datafield tag="852" ind1="#" ind2="#">
   <subfield code="j">KD.0008046</subfield>
   <subfield code="j">KM.0008180</subfield>
   <subfield code="j">KM.0008182</subfield>
   <subfield code="j">KM.0008183</subfield>
   <subfield code="j">KM.0008185</subfield>
   <subfield code="j">KM.0008186</subfield>
   <subfield code="j">KM.0008188</subfield>
   <subfield code="j">KM.0008189</subfield>
   <subfield code="j">KM.0008191</subfield>
   <subfield code="j">KM.0008192</subfield>
   <subfield code="j">KM.0008194</subfield>
   <subfield code="j">KM.0008195</subfield>
   <subfield code="j">KM.0008197</subfield>
   <subfield code="j">KM.0008198</subfield>
   <subfield code="j">KM.0008201</subfield>
   <subfield code="j">KM.0008204</subfield>
   <subfield code="j">KM.0008205</subfield>
   <subfield code="j">KM.0008206</subfield>
   <subfield code="j">KD.0010430</subfield>
   <subfield code="j">KM.0008199</subfield>
   <subfield code="j">KM.0008200</subfield>
   <subfield code="j">KM.0008181</subfield>
   <subfield code="j">KM.0008184</subfield>
   <subfield code="j">KM.0008187</subfield>
   <subfield code="j">KM.0008190</subfield>
   <subfield code="j">KM.0008193</subfield>
   <subfield code="j">KM.0008196</subfield>
   <subfield code="j">KM.0008202</subfield>
   <subfield code="j">KM.0008203</subfield>
  </datafield>
  <datafield tag="910" ind1="0" ind2="#">
   <subfield code="a">Ntuyet</subfield>
   <subfield code="d">30/06/2011</subfield>
  </datafield>
  <datafield tag="980" ind1="#" ind2="#">
   <subfield code="a">Trung tâm Học liệu Lê Vũ Hùng, Trường Đại học Đồng Tháp</subfield>
  </datafield>
 </record>
</collection>
